000
00335 a2200157 4500
001
61081
020
_a
8574721190
040
_c
Anchieta - Pituba
100
_a
Hasse, Marta
240
1
0
_a
Planet English 5
_l
por
245
1
0
_a
Planet English 5
300
_a
143
362
0
_a
2001
650
4
_a
Inglês e inglês antigo
942
_c
BK
999
_c
61081
_d
61081